Top 50 MLB Seasons of All-Time - Statistics

General Stats
  • This quiz has been taken 42 times
    11 since last reset
  • The average score is 36 of 50
Answer Stats
Year Player % Correct
2024 Aaron Judge
100%
2022 Aaron Judge
100%
2025 Aaron Judge
100%
1921 Babe Ruth
100%
1923 Babe Ruth
100%
1920 Babe Ruth
100%
1927 Babe Ruth
100%
1926 Babe Ruth
100%
1924 Babe Ruth
100%
1930 Babe Ruth
100%
1931 Babe Ruth
100%
1928 Babe Ruth
100%
2001 Barry Bonds
100%
2002 Barry Bonds
100%
2004 Barry Bonds
100%
1993 Barry Bonds
100%
2003 Barry Bonds
100%
1996 Barry Bonds
100%
1992 Barry Bonds
100%
2024 Shohei Ohtani
100%
1957 Mickey Mantle
83%
1956 Mickey Mantle
83%
1961 Mickey Mantle
83%
2018 Mookie Betts
83%
2007 Alex Rodriguez
67%
1927 Lou Gehrig
67%
1930 Lou Gehrig
67%
1934 Lou Gehrig
67%
1931 Lou Gehrig
67%
1936 Lou Gehrig
67%
2018 Mike Trout
67%
2001 Sammy Sosa
67%
1941 Ted Williams
67%
1957 Ted Williams
67%
1942 Ted Williams
67%
1946 Ted Williams
67%
1932 Jimmie Foxx
50%
1998 Mark McGwire
50%
2023 Ronald Acuna Jr
50%
1920 George Sisler
33%
1963 Hank Aaron
33%
1976 Joe Morgan
33%
1997 Larry Walker
33%
1961 Norm Cash
33%
1922 Rogers Hornsby
33%
1924 Rogers Hornsby
33%
1925 Rogers Hornsby
33%
1948 Stan Musial
33%
1911 Ty Cobb
33%
1887 Tip O'Neill
17%
No matching quizzes found
Score Distribution
Percent of People with Each Score
Percentile by Number Answered
Your Score History
You have not taken this quiz since the last reset